Formula one drivers standings from each season (2005-2014) - Statistics

General Stats
  • This quiz has been taken 76 times
  • The average score is 182 of 255
Answer Stats
Constructor Driver Points % Correct
Ferrari Fernando Alonso 161
98%
Ferrari Fernando Alonso 242
98%
Ferrari Fernando Alonso 278
98%
Ferrari Fernando Alonso 257
98%
Ferrari Fernando Alonso 252
98%
Renault Fernando Alonso 26
98%
Renault Fernando Alonso 61
98%
McLaren Fernando Alonso 109
98%
Renault Fernando Alonso 134
98%
Renault Fernando Alonso 133
98%
Mercedes Lewis Hamilton 384
96%
Mercedes Lewis Hamilton 189
96%
McLaren Lewis Hamilton 190
96%
McLaren Lewis Hamilton 227
96%
McLaren Lewis Hamilton 240
96%
McLaren Lewis Hamilton 49
96%
McLaren Lewis Hamilton 98
96%
McLaren Lewis Hamilton 109
96%
Red Bull Mark Webber 199
96%
Red Bull Mark Webber 179
96%
Red Bull Mark Webber 258
96%
Red Bull Mark Webber 242
96%
Red Bull Mark Webber 69,5
96%
Red Bull Mark Webber 21
96%
Red Bull Mark Webber 10
96%
Williams Mark Webber 7
96%
Williams Mark Webber 36
96%
Mercedes Michael Schumacher 49
96%
Mercedes Michael Schumacher 76
96%
Mercedes Michael Schumacher 72
96%
Ferrari Michael Schumacher 121
96%
Ferrari Michael Schumacher 62
96%
Toyota Ralf Schumacher 5
96%
Toyota Ralf Schumacher 20
96%
Toyota Ralf Schumacher 45
96%
Red Bull Sebastian Vettel 167
96%
Red Bull Sebastian Vettel 397
96%
Red Bull Sebastian Vettel 281
96%
Red Bull Sebastian Vettel 392
96%
Red Bull Sebastian Vettel 256
96%
Red Bull Sebastian Vettel 84
96%
Toro Rosso Sebastian Vettel 35
96%
Toro Rosso/ BMW Sauber Sebastian Vettel 6
96%
McLaren Jenson Button 126
94%
McLaren Jenson Button 73
94%
McLaren Jenson Button 188
94%
McLaren Jenson Button 270
94%
McLaren Jenson Button 214
94%
Brawn Jenson Button 95
94%
Honda Jenson Button 3
94%
Honda Jenson Button 6
94%
Honda Jenson Button 56
94%
BAR-Honda Jenson Button 37
94%
Ferrari Kimi Räikkönen 55
94%
Lotus Kimi Räikkönen 183
94%
Lotus Kimi Räikkönen 207
94%
Ferrari Kimi Räikkönen 48
94%
Ferrari Kimi Räikkönen 75
94%
Ferrari Kimi Räikkönen 110
94%
McLaren Kimi Räikkönen 65
94%
McLaren Kimi Räikkönen 112
94%
Red Bull Daniel Ricciardo 238
92%
Toro Rosso Daniel Ricciardo 20
92%
Toro Rosso Daniel Ricciardo 10
92%
HRT Daniel Ricciardo 0
92%
Williams Felipe Massa 134
92%
Ferrari Felipe Massa 112
92%
Ferrari Felipe Massa 122
92%
Ferrari Felipe Massa 118
92%
Ferrari Felipe Massa 144
92%
Ferrari Felipe Massa 22
92%
Ferrari Felipe Massa 97
92%
Ferrari Felipe Massa 94
92%
Ferrari Felipe Massa 80
92%
Sauber Felipe Massa 11
92%
Mercedes Nico Rosberg 317
90%
Mercedes Nico Rosberg 171
90%
Mercedes Nico Rosberg 93
90%
Mercedes Nico Rosberg 89
90%
Mercedes Nico Rosberg 142
90%
Williams Nico Rosberg 34,5
90%
Williams Nico Rosberg 17
90%
Williams Nico Rosberg 20
90%
Williams Nico Rosberg 4
90%
Williams Rubens Barrichello 4
88%
Williams Rubens Barrichello 47
88%
Brawn Rubens Barrichello 77
88%
Honda Rubens Barrichello 11
88%
Honda Rubens Barrichello 0
88%
Honda Rubens Barrichello 30
88%
Ferrari Rubens Barrichello 38
88%
Red Bull David Coulthard 8
87%
Red Bull David Coulthard 14
87%
Red Bull David Coulthard 14
87%
Red Bull David Coulthard 24
87%
Force India Sergio Pérez 59
87%
McLaren Sergio Pérez 49
87%
Sauber Sergio Pérez 66
87%
Sauber Sergio Pérez 14
87%
Williams Valtteri Bottas 186
83%
Williams Valtteri Bottas 4
83%
Lotus Jarno Trulli 0
81%
Lotus Jarno Trulli 0
81%
Toyota Jarno Trulli 32,5
81%
Toyota Jarno Trulli 31
81%
Toyota Jarno Trulli 8
81%
Toyota Jarno Trulli 15
81%
Toyota Jarno Trulli 43
81%
Lotus Heikki Kovalainen 0
79%
Caterham Heikki Kovalainen 0
79%
Lotus Heikki Kovalainen 0
79%
Lotus Heikki Kovalainen 0
79%
McLaren Heikki Kovalainen 22
79%
McLaren Heikki Kovalainen 53
79%
Renault Heikki Kovalainen 30
79%
Renault Kobert Kubica 136
79%
BMW Sauber Robert Kubica 17
79%
BMW Sauber Robert Kubica 75
79%
BMW Sauber Robert Kubica 39
79%
BMW Sauber Robert Kubica 6
79%
Lotus Romain Grosjean 8
79%
Lotus Romain Grosjean 132
79%
Lotus Romain Grosjean 96
79%
Renault Romain Grosjean 0
79%
Force India Nico Hülkenberg 96
75%
Sauber Nico Hülkenberg 51
75%
Force India Nico Hülkenberg 63
75%
Williams Nico Hülkenberg 22
75%
Ferrari/Force India Giancarlo Fisichella 8
73%
Force India Giancarlo Fisichella 0
73%
Renault Giancarlo Fisichella 21
73%
Renault Giancarlo Fisichella 72
73%
Renault Giancarlo Fisichella 58
73%
Renault Nick Heidfeld 34
73%
BMW Sauber Nick Heidfeld 6
73%
BMW Sauber Nick Heidfeld 19
73%
BMW Sauber Nick Heidfeld 60
73%
BMW Sauber Nick Heidfeld 61
73%
BMW Sauber Nick Heidfeld 23
73%
Williams Nick Heidfeld 28
73%
Lotus Pastor Maldonado 2
73%
Williams Pastor Maldonado 1
73%
Williams Pastor Maldonado 45
73%
Williams Pastor Maldonado 1
73%
McLaren Juan Pablo Montoya 26
71%
McLaren Juan Pablo Montoya 60
71%
Marussia Jules Bianchi 2
71%
Marussia Jules Bianchi 0
71%
Caterham Kamui Kobayashi 0
71%
Sauber Kamui Kobayashi 60
71%
Sauber Kamui Kobayashi 30
71%
BMW Sauber Kamui Kobayashi 32
71%
Toyota Kamui Kobayashi 3
71%
McLaren Kevin Magnussen 55
71%
Toro Rosso Daniil Kvyat 8
67%
Marussia Timo Glock 0
65%
Virgin Timo Glock 0
65%
Virgin Timo Glock 0
65%
Toyota Timo Glock 24
65%
Toyota Timo Glock 25
65%
HRT Pedro de la Rosa 0
63%
Sauber Pedro de la Rosa 0
63%
BMW Sauber Pedro de la Rosa 6
63%
McLaren Pedro de la Rosa 19
63%
McLaren Pedro de la Rosa 4
63%
Toro Rosso Jean-Éric Vergne 22
62%
Toro Rosso Jean-Éric Vergne 13
62%
Toro Rosso Jean-Éric Vergne 16
62%
BMW Sauber Jacques Villeneuve 7
60%
Sauber Jacques Villeneuve 9
60%
Toro Rosso Sébastian Buemi 6
60%
Toro Rosso Sébastien Buemi 15
60%
Toro Rosso Sébastien Buemi 8
60%
Super Aguri Takuma Sato 0
60%
Super Aguri Takuma Sato 4
60%
Super Aguri Takuma Sato 0
60%
BAR-Honda Takuma Sato 1
60%
Sauber Adrian Sutil 0
58%
Force India Adrian Sutil 29
58%
Force India Adrian Sutil 42
58%
Force India Adrian Sutil 47
58%
Force India Adrian Sutil 5
58%
Force India Adrian Sutil 0
58%
Spyker Adrian Sutil 1
58%
Williams Bruno Senna 31
56%
Renault Bruno Senna 2
56%
HRT Bruno Senna 0
56%
Renault Nelson Piquet Jr. 0
54%
Renault Nelson Piquet Jr. 19
54%
Force India Paul di Resta 48
54%
Force India Paul di Resta 46
54%
Force India Paul di Resta 27
54%
Caterham Vitaly Petrov 0
54%
Renault Vitaly Petrov 37
54%
Renault Vitaly Petrov 27
54%
Caterham Marcus Ericsson 0
52%
HRT Christian Klien 0
50%
Red Bull Christian Klien 2
50%
Red Bull Christian Klien 9
50%
Sauber Esteban Gutiérrez 0
48%
Sauber Esteban Gutiérrez 6
48%
Toro Rosso Jaime Alguersuari 26
48%
Toro Rosso Jaime Alguersuari 5
48%
Toro Rosso Jaime Alguersuari 0
48%
Lotus Karun Chandhok 0
48%
HRT Karun Chandhok 0
48%
Marussia Max Chilton 0
48%
Marussia Max Chilton 0
48%
HRT Vitantonio Liuzzi 0
48%
Force India Vitantonio Liuzzi 21
48%
Force India Vitantonio Liuzzi 0
48%
Toro Rosso Vitantonio Liuzzi 3
48%
Toro Rosso Vitantonio Liuzzi 1
48%
Red Bull Vitantonio Liuzzi 1
48%
(Marussia) Alexander Rossi 0
46%
Williams Alexander Wurz 13
46%
McLaren Alexander Wurz 6
46%
HRT Narain Karthikeyan 0
46%
HRT Narain Karthikeyan 0
46%
Jordan Narain Karthikeyan 5
46%
Caterham Charles Pic 0
42%
Marussia Charles Pic 0
42%
Williams Kazuki Nakajima 0
42%
Williams Kazuki Nakajima 9
42%
Williams Kazuki Nakajima 0
42%
Toro Rosso Sébastien Bourdais 2
42%
Toro Rosso Sébastien Bourdais 4
42%
Caterham Will Stevens 0
40%
Ferrari Luca Badoer 0
38%
Toro Rosso Scott Speed 0
38%
Toro Rosso Scott Speed 0
38%
Suger Aguri Anthony Davidson 0
37%
Super Agur Anthony Davidson 0
37%
BAR-Honda Anthony Davidson 0
37%
Caterham Andre Lotterer 0
35%
HRT Sakon Yamamoto 0
35%
Spyker Sakon Yamamoto 0
35%
Super Aguri Sakon Yamamoto 0
35%
Spyker Christijan Albers 0
31%
Midland Christijan Albers 0
31%
Minardi Christijan Albers 4
31%
Caterham Giedo van der Garde 0
31%
Lotus Jérôme d'Ambrosio 0
31%
Virgin Jérôme d'Ambrosio 0
31%
Super Aguri Yuji Ide 0
31%
Virgin Lucas di Grassi 0
29%
Midland Tiago Monteiro 0
29%
Jordan Tiago Monteiro 7
29%
Red Bull Robert Doornbos 0
27%
Minardi Robert Doornbos 0
27%
Spyker Marcus Winkelhock 0
25%
Williams Antônio Pizzonia 2
23%
(Toyota) Ricardo Zonta 0
21%
Super Aguri Franck Montagny 0
13%
Minardi Patrick Friesacher 3
12%
No matching quizzes found
Score Distribution
Percent of People with Each Score
Percentile by Number Answered
Your Score History
You have not taken this quiz